Perfiles filosóficos : (Registro nro. 63276)
[ vista simple ]
| 000 -LEADER | |
|---|---|
| fixed length control field | 00935nam a2200277 u 4500 |
| 001 - CONTROL NUMBER | |
| control field | 63276 |
| 005 - DATE AND TIME OF LATEST TRANSACTION | |
| control field | 20180714065632.0 |
| 008 - FIXED-LENGTH DATA ELEMENTS--GENERAL INFORMATION | |
| fixed length control field | 150718s1991 mx r 000 0 spa d |
| 020 ## - INTERNATIONAL STANDARD BOOK NUMBER | |
| International Standard Book Number | 9682317258 |
| 040 ## - CATALOGING SOURCE | |
| Description conventions | rda |
| 041 0# - LANGUAGE CODE | |
| Language code of text/sound track or separate title | spa |
| 082 0# - DEWEY DECIMAL CLASSIFICATION NUMBER | |
| Classification number | 190 |
| Item number | BER |
| 100 1# - MAIN ENTRY--PERSONAL NAME | |
| Personal name | Bernstein, Richard J., |
| Relator term | autor |
| 240 10 - UNIFORM TITLE | |
| Uniform title | Philosophical profiles essays in a pragmatic mode. |
| Language of a work | Español |
| 245 10 - TITLE STATEMENT | |
| Title | Perfiles filosóficos : |
| Remainder of title | ensayos a la manera pragmática / |
| Statement of responsibility, etc. | por Richard J. Bernstein ; traducción de Martí Ubasart. |
| 250 ## - EDITION STATEMENT | |
| Edition statement | Primera edición |
| 264 #1 - PRODUCTION, PUBLICATION, DISTRIBUTION, MANUFACTURE, AND COPYRIGHT NOTICE | |
| Place of production, publication, distribution, manufacture | México, D.F. : |
| Name of producer, publisher, distributor, manufacturer | Siglo Veintiuno Editores, |
| Date of production, publication, distribution, manufacture, or copyright notice | 1991 |
| 300 ## - PHYSICAL DESCRIPTION | |
| Extent | 319 páginas ; |
| Dimensions | 21 cm. |
| 336 ## - CONTENT TYPE | |
| Content type term | texto |
| Source | rdacontent |
| 337 ## - MEDIA TYPE | |
| Media type term | sin mediación |
| Source | rdamedia |
| 338 ## - CARRIER TYPE | |
| Carrier type term | volumen |
| Source | rdacarrier |
| 490 0# - SERIES STATEMENT | |
| Series statement | Filosofía |
| 650 #4 - SUBJECT ADDED ENTRY--TOPICAL TERM | |
| Topical term or geographic name entry element | Filosofía moderna |
| Chronological subdivision | Siglo XIX |
| 650 #4 - SUBJECT ADDED ENTRY--TOPICAL TERM | |
| Topical term or geographic name entry element | Filosofía moderna |
| Chronological subdivision | Siglo XX |
| 700 1# - ADDED ENTRY--PERSONAL NAME | |
| Personal name | Ubasart, Martí, |
| Relator term | traductor |
| Withdrawn status | Lost status | Source of classification or shelving scheme | Damaged status | Not for loan | Collection code | Home library | Current library | Shelving location | Date acquired | Source of acquisition | Inventory number | Total Checkouts | Full call number | Barcode | Date last seen | Price effective from | Koha item type |
|---|---|---|---|---|---|---|---|---|---|---|---|---|---|---|---|---|---|
| Dewey Decimal Classification | General | Biblioteca Karol Wojtyla | Biblioteca Karol Wojtyla | Sala general | 26/04/2017 | Compra | 151000000000000000062580 | 190 BER 1991 | 96759 | 05/01/2026 | 26/04/2017 | Libro | |||||
| Dewey Decimal Classification | Consulta en sala | General | Tehuacán | Tehuacán | Sala general | 18/07/2015 | Compra | 190 BER 1991 | 509885 | 08/01/2025 | 18/07/2015 | Reserva permanente |